000 00554nam a2200241Ia 4500
003 OSt
005 20220912145615.0
006 a|||||r|||| 00| 0
007 ta
008 220909b |||||||| |||| 00| 0 eng d
024 _a71346
037 _cTextual
040 _aCSL
_beng
_cCSL
041 _aeng
082 _aL:17, J3
100 _aOstlere G
245 0 _aTrichlorethylene an aesthesia
260 _c1953
300 _ap.
_ccm.
650 _aMedicine
942 _hL:17, J3
_cTEXL
_2CC
999 _c34862
_d34862